书目信息 |
| 题名: |
波谱分析法实验与习题
|
|
| 作者: | 于世林 主编 | |
| 分册: | ||
| 出版信息: | 重庆 重庆大学出版社 1993.8 |
|
| 页数: | 266页 | |
| 开本: | 20cm | |
| 丛书名: | ||
| 单 册: | ||
| 中图分类: | O657.61-44 | |
| 科图分类: | ||
| 主题词: | 分析化学 , 分析(化学) | |
| 电子资源: | ||
| ISBN: | 7-5624-0576-X | |
| 000 | 00594nam0 2200205 45 | |
| 001 | 0259928608 | |
| 005 | 2002061016384860 | |
| 010 | @a7-5624-0576-X@dRMB 9.00 | |
| 100 | @a20020610d1993 km y0chiy0120 ea | |
| 101 | 0 | @achi |
| 102 | @aCN@b420000 | |
| 200 | 1 | @a波谱分析法实验与习题@Abo pu fen xi fa shi yan yu xi ti@f于世林主编@Fyu shi lin zhu bian |
| 210 | @a重庆@c重庆大学出版社@d1993.8 | |
| 215 | @a266页@d20cm | |
| 606 | 0 | @a分析化学 |
| 606 | 0 | @a分析(化学) |
| 690 | @aO657.61-44@v3 | |
| 701 | 0 | @a于世林@Ayu shi lin@4主编 |
| 801 | 0 | @aCN@bPFT@c20020610 |
| 905 | @a10447@dO657.61-44@eY720 | |
| 波谱分析法实验与习题/于世林主编.-重庆:重庆大学出版社,1993.8 |
| 266页;20cm |
| ISBN 7-5624-0576-X:RMB 9.00 |
| ● |
| 相关链接 |
|
|
|
正题名:波谱分析法实验与习题
索取号:O657.61-44/Y720
 
预约/预借
| 序号 | 登录号 | 条形码 | 馆藏地/架位号 | 状态 | 备注 |
| 1 | 361552 | 203615524 | 自科库401/401自科库 66排1列2层/ [索取号:O657.61-44/Y720] | 在馆 | |
| 2 | 361553 | 203615533 | 自科库401/401自科库 66排1列2层/ [索取号:O657.61-44/Y720] | 在馆 | |
| 3 | 361554 | 203615542 | 自科库401/401自科库 66排1列2层/ [索取号:O657.61-44/Y720] | 在馆 |